| 000 | 00686nam a2200253Ia 4500 | ||
|---|---|---|---|
| 003 | OSt | ||
| 005 | 20221007082118.0 | ||
| 006 | a|||||r|||| 00| 0 | ||
| 007 | ta | ||
| 008 | 221006b |||||||| |||| 00| 0 eng d | ||
| 020 | _a9781634605199 | ||
| 024 | _a45,562 | ||
| 037 | _cTextual | ||
| 040 |
_aFLL _cFLL _beng |
||
| 041 |
_2eng _aeng |
||
| 082 | _aZ73,93, Q6 | ||
| 100 |
_aLEVIN Hillel Y. _9698746 |
||
| 245 | 0 |
_aStatutory interpretation _b A practical lawyering course |
|
| 250 | _a2nd | ||
| 260 |
_aUSA _bWest Academic Publishing _c2016 |
||
| 300 |
_axiv,549p. _ccm. |
||
| 942 |
_hZ73,93, Q6 _cTEXL _2CC |
||
| 999 |
_c1165326 _d1165326 |
||